Name the Actors of the 100 Best TV Performances of the 21st Century - Statistics

General Stats
  • This quiz has been taken 95 times
  • The average score is 29 of 100
Answer Stats
Rank Show Character Actor % Correct
5 Breaking Bad Walter White Bryan Cranston
90%
1 Veep Selina Meyer Julia Louis-Dreyfus
87%
12 The Office Michael Scott Steve Carell
82%
22 30 Rock Jack Donaghy Alec Baldwin
71%
10 Grey's Anatomy Dr. Cristina Yang Sandra Oh
68%
52 Downton Abbey Violet Crawley, Dowager Countess of Grantham Maggie Smith
66%
73 Mr. Robot Elliot Alderson Rami Malek
65%
34 Ugly Betty Betty Suarez America Ferrera
62%
64 WandaVision Wanda Maximoff/Scarlet Witch Elizabeth Olsen
62%
19 Game of Thrones Tyrion Lannister Peter Dinklage
61%
30 Euphoria Cassie Howard Sydney Sweeney
54%
29 Homeland Carrie Mathison Claire Danes
53%
3 Mad Men Peggy Olson Elisabeth Moss
51%
25 Fleabag Fleabag Phoebe Waller-Bridge
51%
41 Scandal Olivia Pope Kerry Washington
48%
79 Girls Marnie Michaels Allison Williams
47%
54 Alias Sydney Bristow Jennifer Garner
47%
6 The Wire Omar Little Michael Kenneth Williams
47%
75 Big Little Lies Celeste Wright Nicole Kidman
47%
88 Ozark Ruth Langmore Julia Garner
46%
81 Fosse/Verdon Gwen Verdon Michelle Williams
46%
33 The Crown Queen Elizabeth II Claire Foy
44%
17 Mare of Easttown Mare Sheehan Kate Winslet
44%
24 Schitt's Creek Moira Rose Catherine O'Hara
43%
15 The Americans Elizabeth Jennings Keri Russell
43%
2 Succession Kendall Roy Jeremy Strong
42%
58 Hannibal Hannibal Lecter Mads Mikkelsen
41%
8 Brooklyn Nine-Nine Capt. Raymond Holt Andre Braugher
38%
100 The Bear Carmen Berzatto Jeremy Allen White
38%
38 The Marvelous Mrs. Maisel Miriam "Midge" Maisel Rachel Brosnahan
38%
70 Modern Family Phil Dunphy Ty Burrell
38%
68 Stranger Things Jim Hopper David Harbour
37%
18 The Dropout Elizabeth Holmes Amanda Seyfried
35%
28 Hacks Deborah Vance Jean Smart
35%
36 The People v. O.J. Simpson: American Crime Story Marcia Clark Sarah Paulson
35%
46 Dead to Me Jen Harding Christina Applegate
34%
69 Insecure Issa Dee Issa Rae
34%
13 Watchmen Angela Abar/Sister Night Regina King
34%
83 Beef Danny Cho Steven Yeun
32%
27 Friday Night Lights Eric Taylor Kyle Chandler
28%
77 You Joe Goldberg Penn Badgley
28%
16 Arrested Development Lucille Bluth Jessica Walter
27%
4 The Comeback Valerie Cherish Lisa Kudrow
27%
14 The Shield Vic Mackey Michael Chiklis
27%
35 Atlanta Alfred "Paper Boi" Miles Brian Tyree Henry
24%
42 The Good Wife / The Good Fight Diane Lockhart Christine Baranski
24%
39 Jane the Virgin Jane Villanueva Gina Rodriguez
24%
84 Broad City Ilana Wexler Ilana Glazer
24%
87 Twin Peaks: The Return Special Agent Dale Cooper, Dougie Jones and others Kyle MacLachlan
24%
76 Pose Blanca Evangelista Michaela Jaé Rodriguez
24%
23 Orphan Black Sarah Manning/Alison Hendrix/Cosima Nieuhas/many more Tatiana Maslany
24%
7 The Leftovers Nora Durst Carrie Coon
23%
67 It's Always Sunny in Philadelphia Deandra Reynolds Kaitlin Olson
23%
65 Desperate Housewives Bree Van de Kamp Marcia Cross
23%
78 Glee Santana Lopez Naya Rivera
23%
40 Eastbound & Down Kenny Powers Danny McBride
22%
31 Deadwood Al Swearengen Ian McShane
22%
9 Better Call Saul Kim Wexler Rhea Seehorn
22%
98 Ted Lasso Roy Kent Brett Goldstein
20%
80 Angels in America Roy Cohn Al Pacino
19%
92 Mrs. America Phyllis Schlafly Cate Blanchett
19%
11 I May Destroy You Arabella Essiedu Michaela Coel
19%
71 The Boys Homelander Antony Starr
18%
63 Abbott Elementary Ava Coleman Janelle James
18%
85 Andor Luthen Rael Stellan Skarsgård
18%
44 Orange is the New Black Suzanne "Crazy Eyes" Warren Uzo Aduba
18%
57 Community Abed Nadir Danny Pudi
16%
20 The Curse Whitney Siegel Emma Stone
16%
21 Enlightened Amy Jellicoe Laura Dern
16%
72 Sharp Objects Adora Crellin Patricia Clarkson
16%
53 Unbreakable Kimmy Schmidt Titus Andromedon Tituss Burgess
16%
60 Big Love Nicolette Grant Chloë Sevigny
14%
59 Crazy Ex-Girlfriend Rebecca Bunch Rachel Bloom
14%
90 How I Met Your Mother Tracy McConnell Cristin Milioti
13%
94 What We Do in the Shadows Laszlo Cravensworth Matt Berry
13%
66 American Horror Story: Coven Marie Laveau Angela Bassett
11%
95 Gilmore Girls Emily Gilmore Kelly Bishop
11%
45 The White Lotus Armond Murray Bartlett
11%
50 Curb Your Enthusiasm Susie Greene Susie Essman
11%
47 The Good Place Chidi Anagonye William Jackson Harper
11%
49 Shōgun Toda Mariko Anna Sawai
10%
82 New Girl Winston Bishop Lamorne Morris
10%
48 Barry Sally Reed Sarah Goldberg
10%
62 Six Feet Under Ruth Fisher Frances Conroy
9%
55 Battlestar Galactica Laura Roslin Mary McDonnell
9%
99 Yellowstone Beth Dutton Kelly Reilly
8%
37 Pen15 Maya Ishii-Peters Maya Erskine
8%
56 Better Things Sam Fox Pamela Adlon
8%
74 Unbelievable Marie Adler Kaitlyn Dever
6%
61 Lost Ben Linus Michael Emerson
6%
26 Somebody Somewhere Sam Miller Bridget Everett
5%
93 Search Party Elliott Goss John Early
5%
97 Weeds Andy Botwin Justin Kirk
5%
32 Getting On Didi Ortley Niecy Nash
5%
86 Girls5eva Wickie Roy Renée Ellis Goldsberry
5%
91 Station Eleven Jeevan Chaudhary Himesh Patel
4%
51 Industry Eric Tao Ken Leung
4%
43 Reservation Dogs Elora Danan Postoak Devery Jacobs
3%
96 Evil Dr. Kristen Bouchard Katja Herbers
3%
89 Everybody Hates Chris Rochelle Rock Tichina Arnold
3%
No matching quizzes found
Score Distribution
Percent of People with Each Score
Percentile by Number Answered
Your Score History
You have not taken this quiz